Normal view
MARC view
Entry Topical Term
001 - CONTROL NUMBER
- control field: 60872
003 - CONTROL NUMBER IDENTIFIER
- control field: OSt
005 - DATE AND TIME OF LATEST TRANSACTION
- control field: 20160529155848.0
008 - FIXED-LENGTH DATA ELEMENTS
- fixed length control field: 160529|| aca||aabn | a|a d
040 ## - CATALOGING SOURCE
- Original cataloging agency: OSt
- Transcribing agency: OSt
150 ## - HEADING--TOPICAL TERM
- Topical term or geographic name entry element: उपन्यास
670 ## - SOURCE DATA FOUND
- Source citation: Work cat.: (OSt)45819: शर्मा, यादवेन्द्र 60871, न्यायदंड , 2011









